| 000 | 00800nam a22002177a 4500 | ||
|---|---|---|---|
| 005 | 20150217154526.0 | ||
| 010 | _aBAC-EN21 ENG-111683 | ||
| 020 |
_a9789382951711 _c399.00 |
||
| 035 | _aEN-95215 | ||
| 035 | _aB-592496-524 | ||
| 037 |
_bUBH/Ven _adpl |
||
| 037 | _bDBAD/PUB | ||
| 082 | _a650.1 | ||
| 100 | _aKhera, Shiv | ||
| 245 |
_aYou can win : _bwinners don't do different things they do things differently : a step-by-step tool for top achievers / _cby Shiv khera |
||
| 260 |
_aNew Delhi _bBloomsbury Publishing _c2014 |
||
| 270 |
_aDDA Complex Building, C6 & 7, Vasant Kunj, _bNew Delhi _e110070 |
||
| 300 |
_axiv, 295p. _c22cm(pbk) |
||
| 942 |
_2ddc _cEN _mKHE _h650.1 |
||
| 999 |
_c89299 _d89299 |
||